|
|
|
|
| LEADER |
00000nam a22000004a 4500 |
| 001 |
AR-BbUGT2692 |
| 003 |
AR-BbUGT |
| 005 |
20181220001659.0 |
| 007 |
ta |
| 008 |
061101t1959 |||abdo |0|||0| d |
| 040 |
|
|
|a AR-BbUGT
|b spa
|c AR-BbUGT
|
| 082 |
0 |
4 |
|a 917.1
|
| 100 |
1 |
|
|a Taylor, Griffith.
|
| 245 |
1 |
0 |
|a Canada:
|b a study of cool continental environments and their effect on British and Freench settlement /
|c Griffith Taylor.
|
| 250 |
|
|
|a 2a ed.
|
| 260 |
|
|
|a London :
|b Methuen,
|c 1959.
|
| 300 |
|
|
|a 526 p. :
|b il., fot., mapas, tablas
|
| 653 |
|
|
|a Canadá
|
| 942 |
|
|
|c BK
|h 917.1
|i T214A2
|m D
|2 ddc
|6 917_100000000000000_T214A2
|
| 999 |
|
|
|c 10256
|d 10256
|